000 00245nam a2200097Ia 4500
001 1045474
005 20250826232159.0
008 250824s9999 xx 000 0 und d
245 0 _aPİRİ TÜRKİSTAN
_cYILMAZ ÖKSÜZ
260 _bKETEBE YAYINLARI
999 _c1045474
_d1045474